MARC Record
Leader
003
BE-GnUNI
007
't'u
035
a| (MSK)314001004
245
0
0
a| I.I.C. Nouvelles.
546
a| Frans
500
a| Tijdschriften
852
4
b| MSK
c| MSK
j| II.INT.9
920
a| tijdschrift
001
000045134
005
20241224121706.0